| 000 | 00552nam a2200181Ia 4500 | ||
|---|---|---|---|
| 008 | 240925s9999 xx 000 0 und d | ||
| 020 | _a70990093 | ||
| 082 | _a515.63 SPI | ||
| 100 | _aSpiegel, Murray R. | ||
| 245 | 0 | _aSchaum's Outline of Theory and Problems of Vector Analysis: and an introduction to tensor analysis SI(metric) edition | |
| 250 | _aNA | ||
| 260 |
_aNew York: _bMc Graw HIll _c,1981. |
||
| 300 |
_ax,429p. _bNA _fPirated |
||
| 500 | _aIncludes Index | ||
| 600 | _aEngineering Technology | ||
| 650 | _aNatural Science | ||
| 942 | _cBK | ||
| 999 |
_c6589 _d6589 |
||